00656cam a2200205 a 450000500170000000800410001701000140005802000260007203500130009803700130011104000080012410000180013224500330015026000440018330000300022750000230025794200170028099900170029795201360031420090924191526.0060803s2007 njua b 001 0 eng  aENG-95643 a9788120339224c195.00 aEN-79176 aDBAD/PUB aDPL aGhosh, Pranab aSQL Popcorncby Pranab Gohoh aNew Delhi :bPHI Learning P. Ltd.c2009 axi, 215p. :c24 cm. (Pbk) aIncludes indexes. 2ddccENmGHO c32960d32960 00102ddc40718NFICaDBADbDBADd2009-12-16eDBAD / PUBg195.00l0oGHOpEN-79176r2009-12-16 00:00:00t1v195.00w2009-12-16yEN